| 000 | 00714cam a2200229 a 4500 | ||
|---|---|---|---|
| 001 | 000009385 | ||
| 005 | 20200929161556.0 | ||
| 008 | 870430s1985 cu a b 000 0aspa | ||
| 010 | _a86158463 | ||
| 040 |
_aDO-SdBNP _cDLC _dDLC |
||
| 043 | _anwcu--- | ||
| 082 |
_aCu863.44 _bA447c, 1986 |
||
| 100 | 1 |
_aAlmeida Bosque, Juan, _d1927-2009. _919267 |
|
| 245 | 1 | 0 |
_aContra el agua y el viento / _cJuan Almeida Bosque. |
| 260 |
_aCiudad de La Habana, Cuba : _bCasa de las Americas, _cc1985. |
||
| 300 |
_a119 p. : _bill. ; _c19 cm. |
||
| 490 | 0 | _aTestimonio | |
| 504 | _aIncludes bibliographical references. | ||
| 650 | 4 |
_aNovela cubana _92316 |
|
| 650 | 4 |
_aLiteratura cubana _91483 |
|
| 910 | _aCatalogación derivada | ||
| 999 |
_c9145 _d9145 |
||